000 01307njm a2200337 c 4500
003 BLK
005 20240830160359.0
008 180410b bul||n||s|||||||| n|bulo|
010 _aCDD00006516000
040 _aBLK
041 _aDEU
_cDEU
080 _aОперета. Муз. комедия. Водевил
_b782.8
_x
_z782.8
100 _aOffenbach, Jacques
_9353393
700 1 _aОфенбах, Жак
_e*
_9105129
139 _aOffenbach, Jacques
_bO 33
245 1 0 _aEin Ehemann vor der Tuer, Die Schwatzerin von Saragossa [CD аудио]
_bZwei Gesamtaufnahmen : CD 1-2
_cJacques Offenbach; * Жак Офенбах.
_nCD 2
257 _aDEU
260 Hamburg
_bLine Music
_c2010
300 _c12 cm. Mono
380 _a7
505 _gOperette in 2 Akten
_rизп. Chor und Orchester des Kolner Rundfunks; диригент Franz Marszalek; бас Benno Kusche; контраалт Erika Schmidt; изп. Kathe Moller-Siepermann.
_tDie Schwatzerin von Saragossa
650 4 _aОперета
_9165036
653 _aоперети
760 1 _aOffenbach, Jacques
_h49мин. 3сек.
_tCD 2
852 _aЦб CD 3107
_p1
856 4 _qpdf
_u
856 4 _qpdf
_u
942 _cCDD
_n0
944 _aCR
_c07.05.2012
_k30560
_lГеновева Генчева
944 _aED
_c08.05.2012
_k
999 _c225006
_d225006